00966cam a22002651 4500001001300000003000400013005001700017008004100034010001700075035001900092040002500111042001200136050002600148051001600174100003600190245008400226260004700310300002400357490005400381500013200435504004100567650003400608700004100642999001700683e 35000158 DLC20260227111225.0790419s1935 wau b 000 0 eng  ae 35000158  a(OCoLC)4876417 aDLCcCCCdOCoLCdDLC apremarc00aL111b.A6 1934, no. 9 aLA382b.B571 aBolton, Frederick Elmer,d1866-00aHistory of education in Washington,cby Frederick E. Bolton and Thomas W. Bibb. aWashington,bU.S. Govt. Print. Off.c1935. axxi, 448 p.c23 cm.0 aU. S. Office of Education. Bulletin, 1934,vno. 9 aAt head of title: United States Department of the Interior, Harold L. Ickes. Office of Education, George F. Zook, commissioner. a"Selected bibliography": p. 435-439. 0aEducationzWashington (State)1 aBibb, Thomas William,ejoint author. c21428d21428